[Event "San Francisco"]
[Site "San Francisco"]
[Date "1995.??.??"]
[Round "4"]
[White "Gulko, Boris F"]
[Black "Ashley, Maurice"]
[Result "1-0"]
[WhiteElo "2595"]
[BlackElo "2460"]
[PlyCount "71"]
[EventDate "1995.02.??"]
[EventType "tourn"]
[EventRounds "11"]
[EventCountry "USA"]
[EventCategory "12"]
[Source "ChessBase"]
[SourceDate "2004.01.01"]

1. c4 e5 2. Nc3 Nf6 3. Nf3 Nc6 4. g3 Bc5 5. Bg2 d6 6. O-O O-O 7. d3 h6 8. a3 a5
9. b3 Ba7 10. Bb2 Re8 11. e3 Bg4 12. h3 Bh5 13. Qc2 Qc8 14. Nd2 Ne7 15. Nb5 Bb8
16. c5 dxc5 17. Bxe5 Nd7 18. Bb2 c6 19. Nc3 f5 20. Na4 Qd8 21. Nf3 b6 22. d4
Ra7 23. dxc5 b5 24. Nb6 Nxb6 25. cxb6 Rb7 26. Nd4 Qxb6 27. Nxf5 Nxf5 28. Qxf5
Bf7 29. Rac1 Re6 30. Qg4 g6 31. Bd4 Qa6 32. Rc2 Rc7 33. Rfc1 Rc8 34. Bd5 Rd6
35. Bxf7+ Kxf7 36. Qf4+ 1-0

[Event "San Francisco"]
[Site "San Francisco"]
[Date "1995.??.??"]
[Round "5"]
[White "Xie Jun"]
[Black "Gulko, Boris F"]
[Result "1/2-1/2"]
[WhiteElo "2515"]
[BlackElo "2595"]
[PlyCount "46"]
[EventDate "1995.02.??"]
[EventType "tourn"]
[EventRounds "11"]
[EventCountry "USA"]
[EventCategory "12"]
[Source "ChessBase"]
[SourceDate "2004.01.01"]

1. e4 e6 2. d4 d5 3. Nd2 c5 4. exd5 Qxd5 5. Ngf3 cxd4 6. Bc4 Qd6 7. O-O Nf6 8.
Nb3 Nc6 9. Nbxd4 Nxd4 10. Nxd4 a6 11. Re1 Qc7 12. b3 Bd6 13. h3 O-O 14. Bb2 b5
15. Bd3 Bb7 16. Nf3 Rad8 17. Qe2 Qc6 18. Qe3 Be7 19. Rad1 h6 20. Qf4 Nh5 21.
Qg4 Nf6 22. Qf4 Nh5 23. Qg4 Nf6 1/2-1/2

[Event "San Francisco"]
[Site "San Francisco"]
[Date "1995.??.??"]
[Round "6"]
[White "Tisdall, Jonathan D"]
[Black "Huebner, Robert"]
[Result "0-1"]
[WhiteElo "2470"]
[BlackElo "2620"]
[PlyCount "56"]
[EventDate "1995.02.??"]
[EventType "tourn"]
[EventRounds "11"]
[EventCountry "USA"]
[EventCategory "12"]
[Source "ChessBase"]
[SourceDate "2004.01.01"]

1. d4 Nf6 2. c4 e6 3. Nc3 Bb4 4. e3 O-O 5. Bd3 d5 6. cxd5 exd5 7. Nge2 Re8 8.
O-O Bf8 9. f3 c5 10. Bd2 Nc6 11. Rc1 b6 12. a3 Bb7 13. Rf2 g6 14. Qa4 a6 15.
Re1 b5 16. Qd1 Qb6 17. Nf4 Rad8 18. dxc5 Bxc5 19. Qc1 Ne5 20. b4 Bf8 21. Bf1
Bg7 22. Nd1 Bh6 23. Bc3 d4 24. exd4 Rxd4 25. Bxd4 Qxd4 26. Ne2 Nxf3+ 27. gxf3
Bxc1 28. Nxd4 Rxe1 0-1

[Event "San Francisco"]
[Site "San Francisco"]
[Date "1995.??.??"]
[Round "6"]
[White "Kortschnoj, Viktor"]
[Black "De Firmian, Nick E"]
[Result "1/2-1/2"]
[WhiteElo "2635"]
[BlackElo "2590"]
[PlyCount "92"]
[EventDate "1995.02.??"]
[EventType "tourn"]
[EventRounds "11"]
[EventCountry "USA"]
[EventCategory "12"]
[Source "ChessBase"]
[SourceDate "2004.01.01"]

1. c4 c5 2. Nf3 Nc6 3. Nc3 e5 4. e3 Nf6 5. d4 cxd4 6. exd4 e4 7. Ng5 Bb4 8. d5
Ne5 9. Be2 O-O 10. O-O Bxc3 11. bxc3 d6 12. Qd4 Bf5 13. f3 exf3 14. Nxf3 Bg4
15. Bg5 Bxf3 16. Bxf3 h6 17. Bh4 Re8 18. Rab1 b6 19. Bd1 g5 20. Bg3 Rc8 21. Be2
Nfd7 22. h4 Kg7 23. Rf2 Qe7 24. Rbf1 Rf8 25. Qd2 Nc5 26. Qd4 Ncd7 27. Bd3 Rce8
28. Qe4 Nxd3 29. Qxd3 Ne5 30. Bxe5+ Qxe5 31. hxg5 hxg5 32. Rf5 Qe3+ 33. Qxe3
Rxe3 34. Rxg5+ Kh6 35. Rgf5 Rxc3 36. Rxf7 Rxf7 37. Rxf7 Rxc4 38. Rxa7 Rd4 39.
Ra6 Rxd5 40. Rxb6 Rd1+ 41. Kh2 Kg5 42. a4 d5 43. a5 d4 44. Kg3 Rd3+ 45. Kf2 Ra3
46. Ra6 Kf4 1/2-1/2

[Event "San Francisco"]
[Site "San Francisco"]
[Date "1995.??.??"]
[Round "7"]
[White "Xie Jun"]
[Black "Ashley, Maurice"]
[Result "1-0"]
[WhiteElo "2515"]
[BlackElo "2460"]
[PlyCount "131"]
[EventDate "1995.02.??"]
[EventType "tourn"]
[EventRounds "11"]
[EventCountry "USA"]
[EventCategory "12"]
[Source "ChessBase"]
[SourceDate "2004.01.01"]

1. e4 c5 2. Nf3 d6 3. d4 Nf6 4. Nc3 cxd4 5. Nxd4 Nc6 6. Be2 e5 7. Nf3 h6 8. O-O
Be7 9. Re1 O-O 10. h3 Be6 11. Bf1 Nb8 12. a4 Nbd7 13. a5 a6 14. b3 Kh8 15. Bb2
b5 16. axb6 Qxb6 17. Nd5 Bxd5 18. exd5 Qb7 19. c4 Rfe8 20. Bd3 Nc5 21. Bc2 a5
22. Bc3 Bd8 23. Ra3 Ra6 24. Nd2 Bb6 25. Nf1 Ncd7 26. Qf3 Rea8 27. Rea1 Nf8 28.
Ng3 R6a7 29. Nf5 Ne8 30. Ra4 Qc7 31. Re1 Qd8 32. Qg3 Qf6 33. h4 Bc5 34. Qf3 g6
35. Qg3 gxf5 36. Rxe5 dxe5 37. Bxe5 Nh7 38. Bxf6+ Nhxf6 39. Qf4 Kg7 40. Ra1 Re7
41. Kf1 Nd6 42. Qg3+ Kh7 43. Qf4 Rae8 44. Bxf5+ Nxf5 45. Qxf5+ Kg7 46. Qd3 Re4
47. g3 Rd4 48. Qc3 Ne4 49. Qxa5 Rd3 50. Ra2 Bd4 51. Kg2 Nxf2 52. Rxf2 Bxf2 53.
Kxf2 Ree3 54. Qa1+ Kg8 55. Qa8+ Kg7 56. d6 Re6 57. c5 Rd2+ 58. Kf3 Rd3+ 59. Kf4
Rf6+ 60. Ke4 Rd1 61. Qa5 Re6+ 62. Kf3 Rd3+ 63. Kf2 Rf6+ 64. Ke2 Rff3 65. Qa1+
Kg6 66. Qe5 1-0

[Event "San Francisco"]
[Site "San Francisco"]
[Date "1995.??.??"]
[Round "10"]
[White "Gulko, Boris F"]
[Black "Kortschnoj, Viktor"]
[Result "1/2-1/2"]
[WhiteElo "2595"]
[BlackElo "2635"]
[PlyCount "68"]
[EventDate "1995.02.??"]
[EventType "tourn"]
[EventRounds "11"]
[EventCountry "USA"]
[EventCategory "12"]
[Source "ChessBase"]
[SourceDate "2004.01.01"]

1. c4 e5 2. g3 Nc6 3. Bg2 g6 4. Nc3 Bg7 5. e3 f5 6. Nge2 Nf6 7. d3 O-O 8. O-O
d6 9. Rb1 a5 10. a3 Ne7 11. e4 c6 12. b4 axb4 13. axb4 Be6 14. exf5 Nxf5 15.
Bg5 Qc7 16. Bxf6 Bxf6 17. b5 h5 18. Qb3 h4 19. bxc6 bxc6 20. Qb6 Rac8 21. Qxc7
Rxc7 22. Rb6 hxg3 23. hxg3 Bd7 24. Ra1 Kg7 25. Raa6 Ne7 26. Ne4 Nc8 27. Rb8 Be7
28. N2c3 Bf5 29. Kf1 Rd8 30. Ra5 Ra7 31. Rxa7 Nxa7 32. Rxd8 Bxd8 33. g4 Bxg4
34. Nxd6 Be7 1/2-1/2

[Event "San Francisco"]
[Site "San Francisco"]
[Date "1995.??.??"]
[Round "11"]
[White "Tisdall, Jonathan D"]
[Black "Gulko, Boris F"]
[Result "0-1"]
[WhiteElo "2470"]
[BlackElo "2595"]
[PlyCount "74"]
[EventDate "1995.02.??"]
[EventType "tourn"]
[EventRounds "11"]
[EventCountry "USA"]
[EventCategory "12"]
[Source "ChessBase"]
[SourceDate "2004.01.01"]

1. d4 d6 2. Nf3 Bg4 3. c4 Nd7 4. Nc3 e5 5. e3 Ngf6 6. Be2 Be7 7. O-O O-O 8. b3
Re8 9. Bb2 c6 10. h3 Bh5 11. g4 Bg6 12. Nh4 Bf8 13. Nxg6 hxg6 14. Bf3 e4 15.
Bg2 d5 16. f3 Bb4 17. g5 Nh5 18. h4 Ng3 19. fxe4 Bxc3 20. Bxc3 Nxe4 21. Bb4 a5
22. Ba3 a4 23. Rf4 axb3 24. axb3 Qc7 25. cxd5 cxd5 26. Rc1 Qa5 27. Bxe4 Rxe4
28. Rxe4 dxe4 29. Bd6 Qf5 30. Bf4 Nb6 31. Qe2 Nd5 32. Bg3 Qh3 33. Bf2 Ra3 34.
Qc4 Qg4+ 35. Kf1 Nxe3+ 36. Bxe3 Qf3+ 37. Bf2 Ra2 0-1